000 00743nab a22002297a 4500
001 23568
003 HDC
007 cr bn ---aaaaa
008 210128c20120817my ||||| |||| 00| 0 may d
040 _aHDC
245 0 _aPenghuni rumah amal kebajikan dirai dalam semangat ukhuwah
336 _atext
_2rdacontent
337 _acomputer
_2rdamedia
338 _aonline resource
_2rdacarrier
650 _aCorporate Social Responsibility
_919394
650 _aPoor people
_919159
710 _aSinar Harian
856 _zRequest full-text at [email protected]
942 _2lcc
942 _cNEWS
942 _kNWSC 008067
999 _c20884
_d20884